000 00338nam a2200133Ia 4500
008 221030s9999 xx 000 0 und d
041 _aEnglish
100 _aW. M. Newman
245 0 _aPrinicples of Interactive Compiler Graphics
_cby W. M. Newman, R. F. Sproull
260 _c0
650 _aB
700 _aR. F. Sproull
942 _cBK
999 _c14707
_d14707